Hillier Parker rent index. - February - November 1999 (Record no. 97687)
[ view plain ]
| 000 -LEADER | |
|---|---|
| fixed length control field | 00708cam a2200277 4500 |
| 001 - CONTROL NUMBER | |
| control field | J97233 |
| 008 - FIXED-LENGTH DATA ELEMENTS--GENERAL INFORMATION | |
| fixed length control field | 090401t1999 xxu||||| |||| 00| 0 eng d |
| 035 ## - SYSTEM CONTROL NUMBER | |
| System control number | (Sirsi) u91906 |
| 041 ## - LANGUAGE CODE | |
| Language code of text/sound track or separate title | eng |
| 050 ## - LIBRARY OF CONGRESS CALL NUMBER | |
| Classification number | 333.337016 |
| 110 ## - MAIN ENTRY--CORPORATE NAME | |
| Corporate name or jurisdiction name as entry element | CB Hillier Parker |
| 9 (RLIN) | 3660 |
| 245 ## - TITLE STATEMENT | |
| Title | Hillier Parker rent index. - February - November 1999 |
| 260 ## - PUBLICATION, DISTRIBUTION, ETC. | |
| Place of publication, distribution, etc. | London |
| Name of publisher, distributor, etc. | CB Hillier Parker |
| Date of publication, distribution, etc. | 1999 |
| 300 ## - PHYSICAL DESCRIPTION | |
| Extent | 4 pt. ; 30cm. |
| 350 ## - PRICE (NR) (BK AM CF MU VM SE) [OBSOLETE] | |
| Price | 0 |
| 650 ## - SUBJECT ADDED ENTRY--TOPICAL TERM | |
| Topical term or geographic name entry element | HILLIER PARKER RENT INDEX |
| 650 ## - SUBJECT ADDED ENTRY--TOPICAL TERM | |
| Topical term or geographic name entry element | INDICES |
| 650 ## - SUBJECT ADDED ENTRY--TOPICAL TERM | |
| Topical term or geographic name entry element | INDUSTRIAL PROPERTY |
| 650 ## - SUBJECT ADDED ENTRY--TOPICAL TERM | |
| Topical term or geographic name entry element | OFFICES |
| 650 ## - SUBJECT ADDED ENTRY--TOPICAL TERM | |
| Topical term or geographic name entry element | RENTS |
| 650 ## - SUBJECT ADDED ENTRY--TOPICAL TERM | |
| Topical term or geographic name entry element | SHOPS |
| 690 ## - LOCAL SUBJECT ADDED ENTRY--TOPICAL TERM (OCLC, RLIN) | |
| Topical term or geographic name as entry element | PROPERTY-COMMERCIAL PROPERTY |
| 710 ## - ADDED ENTRY--CORPORATE NAME | |
| Corporate name or jurisdiction name as entry element | Hillier Parker |
| 9 (RLIN) | 2054 |
| 942 ## - ADDED ENTRY ELEMENTS (KOHA) | |
| Suppress in OPAC | 0 |
| 948 ## - LOCAL PROCESSING INFORMATION (OCLC); SERIES PART DESIGNATOR (RLIN) | |
| c (OCLC) | 10/03/1999 |
| Withdrawn status | Lost status | Source of classification or shelving scheme | Damaged status | Not for loan | Home library | Current library | Shelving location | Date acquired | Total Checkouts | Full call number | Barcode | Date last seen | Date last checked out | Copy number | Price effective from | Koha item type | Cost, normal purchase price | Cost, replacement price |
|---|---|---|---|---|---|---|---|---|---|---|---|---|---|---|---|---|---|---|
| Dewey Decimal Classification | London | London | Property market reports | 14/09/1999 | 1 | PROPERTY MARKET REPORTS | 30057703 | 06/08/2019 | 14/10/1999 | 1 | 06/08/2019 | Book | ||||||
| Dewey Decimal Classification | London | London | Property market reports | 14/09/1999 | PROPERTY MARKET REPORTS | 30057704 | 06/08/2019 | 2 | 06/08/2019 | Reference material | 15.00 | 15.00 | ||||||
| Dewey Decimal Classification | London | London | Property market reports | 14/09/1999 | PROPERTY MARKET REPORTS | 30058496 | 06/08/2019 | 3 | 06/08/2019 | Reference material | ||||||||
| Dewey Decimal Classification | London | London | Property market reports | 14/09/1999 | PROPERTY MARKET REPORTS | 30058497 | 06/08/2019 | 4 | 06/08/2019 | Book | ||||||||
| Dewey Decimal Classification | London | London | Property market reports | 13/10/1999 | 3 | PROPERTY MARKET REPORTS | 30059362 | 06/08/2019 | 05/04/2000 | 5 | 06/08/2019 | Book | ||||||
| Dewey Decimal Classification | London | London | Property market reports | 18/10/1999 | PROPERTY MARKET REPORTS | 30059498 | 06/08/2019 | 6 | 06/08/2019 | Reference material | ||||||||
| Dewey Decimal Classification | London | London | Property market reports | 07/10/1999 | PROPERTY MARKET REPORTS | 30059333 | 06/08/2019 | 9 | 06/08/2019 | Book | ||||||||
| Dewey Decimal Classification | London | London | Property market reports | 14/01/2000 | PROPERTY MARKET REPORTS | 30060451 | 06/08/2019 | 10 | 06/08/2019 | Reference material | ||||||||
| Dewey Decimal Classification | London | London | Property market reports | 14/01/2000 | PROPERTY MARKET REPORTS | 30060452 | 06/08/2019 | 11 | 06/08/2019 | Book |